000 01208 a2200241 4500
005 20080909153620.0
008 080909t xxu||||| |||| 00| 0 hin d
010 _aHIN-79307
020 _c175.00
_a8189679023
035 _aHN-51653
035 _aB-317858
037 _bD.B.Act / pub
082 _a920
100 _aकमलेश कुमार गुप्ता
245 _aभारत की प्रेरक विभूतियाँ
_cकमलेश कुमार गुप्ता
246 _aBharat ki Prerak Vibhutiyan
_bby Kamalsh Kumar Gupta
260 _aजयपुर
_bसुरेश बुक डिपो
_c2006
270 _aगोपालजी का रास्ता
_bजयपुर
300 _a156पृ
_c22 सेमी (सजिल्द)
942 _adpl
_cHN
_k920 / कमले
_2ddc
_h920
_mकमले
999 _c1519
_d1519